Pays d'immigrés des États-Unis - Statistiques

Statistiques générales
  • Ce quiz a été pris 851 fois
  • Le résultat moyen est 10 sur 20
Statistiques - réponses
Classement Pays % Correct
1 Mexique
97%
2 Chine
84%
10 Colombie
74%
7 Cuba
71%
3 Inde
71%
17 Venezuela
60%
9 Guatemala
52%
20 Haïti
52%
18 Pakistan
51%
12 Corée du Sud
50%
11 Honduras
49%
5 Salvador
45%
8 République dominicaine
44%
6 Vietnam
43%
16 Nigeria
40%
13 Irak
38%
4 Philippines
34%
19 Bangladesh
30%
15 Éthiopie
14%
14 Myanmar
11%
Aucun quiz correspondant
Distribution des résultats
% des personnes avec chaque résultat
Percentile par nombre de réponses
Votre historique - résultats
Vous n’avez pas pris ce quiz